| 000 | 01096cam a22003251 4500 | ||
|---|---|---|---|
| 001 | 15689 | ||
| 003 | BD-RjUL | ||
| 005 | 20211208235852.0 | ||
| 008 | 140210r19671962ilua b 001 0 eng | ||
| 035 | _aMITb10481090 | ||
| 035 | _a(OCoLC)00242333 | ||
| 035 | _a(BD-RjUL)15744 | ||
| 040 |
_aDLC _cDLC _dm.c. _dOCL _dRCD _dBD-RjUL _beng |
||
| 041 | _aeng | ||
| 082 |
_a658.83 _bFRQ |
||
| 090 |
_aHF5415 _b.F828 |
||
| 099 | _aHF5415.F828 | ||
| 100 | 1 |
_aFrank, Ronald Edward, _d1933- _948689 |
|
| 245 | 1 | 0 |
_aQuantitative techniques in marketing analysis: text and readings / _c Ronald E. Frank, Alfred A. Kuehn [and] William F. Massy. |
| 260 |
_aHomewood, Ill. : _bR. D. Irwin, _c1962 [reprinted 1967] |
||
| 300 |
_a556 p. : _billus. ; _c24 cm. |
||
| 490 | 1 | _aIrwin series in quantitative analysis for business | |
| 504 | _aIncludes bibliography and index. | ||
| 650 | 0 |
_aMarketing research. _948690 |
|
| 830 | 0 |
_aIrwin series in quantitative analysis for business. _948691 |
|
| 942 |
_2ddc _cBK |
||
| 949 |
_aMYGD _aMYGD _aMYGD _aMYGD _aMYGR |
||
| 999 |
_c15689 _d15689 |
||